An Interpretative Phenomenological Analysis/The Winner Takes It All. (Record no. 8487)
[ view plain ]
| 000 -LEADER | |
|---|---|
| fixed length control field | 01003cam a22001934a 4500 |
| 005 - ΗΜΕΡΟΜΗΝΙΑ ΚΑΙ ΩΡΑ ΤΕΛΕΥΤΑΙΑΣ ΕΝΗΜΕΡΩΣΗΣ | |
| Πεδίο ελέγχου | 20250605164337.0 |
| 008 - FIXED-LENGTH DATA ELEMENTS--GENERAL INFORMATION | |
| Πεδίο ελέγχου σταθερού μήκους | 250528s ||||||||||||||||||||||||d |
| 035 ## - SYSTEM CONTROL NUMBER | |
| System control number | 23477 |
| 040 ## - ΠΗΓΗ ΚΑΤΑΛΟΓΟΓΡΑΦΗΣΗΣ | |
| Φορέας πρωτότυπης καταλογογράφησης | MC Athens Campus Library |
| Γλώσσα καταλογογράφησης | Ελληνικά, Μοντέρνα (1453-) |
| Modifying agency | MC Athens Campus Library |
| Κανόνες περιγραφικής καταλογογράφησης | AACR2 |
| 245 1# - ΤΙΤΛΟΣ ΚΑΙ ΔΗΛΩΣΗ ΥΠΕΥΘΥΝΟΤΗΤΑΣ | |
| Τίτλος | An Interpretative Phenomenological Analysis/The Winner Takes It All. |
| 260 ## - PUBLICATION, DISTRIBUTION, ETC. | |
| Date of publication, distribution, etc. | 2015 |
| 300 ## - PHYSICAL DESCRIPTION | |
| Extent | 86 |
| 520 ## - SUMMARY, ETC. | |
| Summary, etc. | Abstract, Introduction, The Pros and Cons of Support, Supportive or Stressing Care-Givers, Supportive Groups, The Doctor's Role, Coping Through Internal Mechanisms, Inner Strength Through Spirituality, Humour as a Defence Mechanism, Insecurity about Body Image, Methodology, Design, Participants, Material, Procedure-Data Collection, Analytic Strategy, Analysis, Contagious Worry, Reciprocity in Supportive Groups, Doctor's Behaviour, Internal Power, Mirroring Body Perception, Discussion, Conclusion, References. |
| 700 1# - ΠΡΟΣΘΕΤΗ ΑΝΑΓΡΑΦΗ--ΦΥΣΙΚΟ ΠΡΟΣΩΠΟ | |
| Personal name | Louka Penelope |
| 9 (RLIN) | 9017 |
| 700 1# - ΠΡΟΣΘΕΤΗ ΑΝΑΓΡΑΦΗ--ΦΥΣΙΚΟ ΠΡΟΣΩΠΟ | |
| Personal name | Tsimpinou Maria |
| 9 (RLIN) | 9042 |
| 942 ## - ADDED ENTRY ELEMENTS (KOHA) | |
| Koha item type | Διπλωματική εργασία |
| Τύπος τεκμηρίου | Βιβλιοθήκη | Τρέχουσα τοποθεσία | Barcode | Ημερομηνία απόκτησης | Ταξιθετικό σύμβολο | Αριθμός αντιτύπου | Κατάσταση απόσυρσης | Κατάσταση χαμένου | Κατάσταση κατεστραμμένου | Μη δανεισμός | Σύνολο δανεισμών | Ημερομηνία τελευταίας εμφάνισης | Η τιμή ισχύει από |
|---|---|---|---|---|---|---|---|---|---|---|---|---|---|
| Διπλωματική εργασία | MC Athens Campus Library | MC Athens Campus Library | 9780000084866 | 05/06/2025 | PSY 2015 (12) | 1 | 05/06/2025 | 05/06/2025 |